000 00840nam a2200205 a 4500
003 0
005 20250407094517.0
008 050809s19uu xx 00 eng d
050 _aPGS LC 1391
_b.P294 2005
100 _aPatawaran, Mari Caprice N.
245 _aA comparative study on the academic performance between children with working and non-working mothers /
_cMari Caprice N. Patawaran.
260 _aLas PiƱas City, Philippines :
_bSouthville International School and Colleges,
_c2005.
300 _a42 pages :
_billustrations ;
_c28 cm.
504 _aIncludes bibliographical references.
650 _aChildren of working mothers
_vEducation.
650 _aAcademic Achievement
_vInfluence of Family Factors.
650 _aChildren
_vAcademic Performance.
650 _aMothers
_vEmployment
_vSocial Aspects.
942 _2lcc
_cPASS
999 _c97414
_d97414